Kiến thức phổ thông Almanach
Đã lưu trong:
| Tác giả chính: | |
|---|---|
| Định dạng: | Sách |
| Năm xuất bản: |
H
Văn hóa thông tin
|
| Chủ đề: | |
| Tags: |
Thêm thẻ
Không có thẻ, Hãy là người đầu tiên gắn thẻ bản ghi này!
|
| LEADER | 00777nam a2200193 4500 | ||
|---|---|---|---|
| 082 | |a 030 |b K305th | ||
| 100 | |a Vũ Ngọc Khánh | ||
| 245 | |a Kiến thức phổ thông |c Như Ý, Thanh Kim, Việt Hưng |b Almanach | ||
| 260 | |a H |b Văn hóa thông tin | ||
| 300 | |a 527tr |c 19cm. | ||
| 500 | |a | ||
| 520 | |a | ||
| 653 | |a Bách khoa toàn thư | ||
| 653 | |a Kiến thức phổ thông | ||
| 653 | |a Việt Nam | ||
| 942 | |2 ddc |c STK0 | ||
| 999 | |c 10130 |d 10130 | ||
| 952 | |0 0 |1 0 |2 ddc |4 0 |6 030_000000000000000_K305TH |7 0 |8 000 |9 78988 |a qbu |b qbu |c D2 |d 2015-07-20 |g 5000 |o 030 K305th |p 10274.c1 |r 0000-00-00 |w 2015-07-20 |y STK0 | ||
| 952 | |0 0 |1 0 |2 ddc |4 0 |6 030_000000000000000_K305TH |7 0 |8 000 |9 78989 |a qbu |b qbu |c D2 |d 2015-07-20 |g 5000 |l 2 |m 1 |o 030 K305th |p 10274.c2 |r 2018-02-05 |s 2018-01-22 |w 2015-07-20 |y STK0 | ||